00452nam a2200133 a 450000100100000000500170001000800410002704000250006808200150009311100630010824500550017126000610022630000310028700001721820200929165043.0100319s1974 dr c 000 0 spa d aDO-SdBNPbspacBNPHU axxxbS612s2 aSimposio sobre el abortod(1974 sept. 17 :cSanto Domingo)10aSimposio sobre el aborto /cArturo Damiron Ricart. aSanto Domingo :bAcademia Dominicana de Medicina,c1974. a70 cm. :bretrs. ;c27 cm.